000
00291nam a22001337a 4500
008
190201b xxu||||| |||| 00| 0 eng d
020
_a
9780028604039
041
_a
eng
080
_a
371
100
_a
25
101
_a
EDU
245
_a
Science Desk Reference
_c
Fargis, P
942
_2
udc
_c
BK
999
_c
53902
_d
53902